A study of the availability, accessibilioty, and efficacy of substance abuse prevention service delivery systems employed to address the potential for substance abuse by law enforcement officers in the Commonwealth of Virginia

Guardado en:  
Detalles Bibliográficos
Autor principal: Wright, Delmar Pernell (Autor)
Tipo de documento: Print Libro
Lenguaje:Inglés
Publicado: 1999
En:Año: 1999
Verificar disponibilidad: HBZ Gateway
Servicio de pedido Subito: Pedir ahora.
Palabras clave:

MARC

LEADER 00000cam a22000002c 4500
001 1153360861
003 DE-627
005 20220518134115.0
007 tu
008 000215s1999 xx ||||| m 00| ||eng c
024 8 |a 9932547  |q Order no. 
035 |a (DE-627)1153360861 
035 |a (DE-576)083360867 
035 |a (DE-599)BSZ083360867 
040 |a DE-627  |b ger  |c DE-627  |e rakwb 
041 |a eng 
100 1 |a Wright, Delmar Pernell  |4 aut 
245 1 2 |a A study of the availability, accessibilioty, and efficacy of substance abuse prevention service delivery systems employed to address the potential for substance abuse by law enforcement officers in the Commonwealth of Virginia  |c by Delmar Pernell Wright 
264 1 |c 1999 
300 |a X, 179 S. 
336 |a Text  |b txt  |2 rdacontent 
337 |a ohne Hilfsmittel zu benutzen  |b n  |2 rdamedia 
338 |a Band  |b nc  |2 rdacarrier 
502 |a Richmond, Va., Virginia Commonwealth Univ., 1999 
583 1 |a Archivierung prüfen  |c 20200919  |f DE-640  |z 1  |2 pdager 
655 7 |a Hochschulschrift  |0 (DE-588)4113937-9  |0 (DE-627)105825778  |0 (DE-576)209480580  |2 gnd-content 
751 |a Richmond, Va.  |0 (DE-588)4117006-4  |0 (DE-627)10580245X  |0 (DE-576)209506318  |4 uvp 
935 |a mkri 
951 |a BO 
ELC |b 1 
LOK |0 000 xxxxxcx a22 zn 4500 
LOK |0 001 2373331306 
LOK |0 003 DE-627 
LOK |0 004 1153360861 
LOK |0 005 20000215000000 
LOK |0 008 000215||||||||||||||||ger||||||| 
LOK |0 040   |a DE-Frei85  |c DE-627  |d DE-Frei85 
LOK |0 852   |z Kopie, erschienen im Verl. Univ. Microfilms Internat., Ann Arbor, 1999 
LOK |0 852   |a DE-Frei85 
LOK |0 852 1  |m p  |9 00 
LOK |0 938   |k p 
LOK |0 939   |a 15-02-00  |b l01 
ORI |a SA-MARC-krimdoka001.raw